000 00415nam a2200157Ia 4500
008 240729s9999 xx 000 0 und d
022 _a2571-0915
245 0 _aEstetika
260 _aFinland
260 _bHelsinki University Press
650 _a Aesthetics
650 _aPhilosophy. Psychology. Religion
856 _uhttps://doaj.org/toc/9c8bdf7cef06404abcf0e9381b407c3c
942 _2ddc
942 _cDOAJEJ
999 _c69774
_d69774
945 _a1
_bMadushi Gamage
_c1
_dMadushi Gamage